Elliott Smith: Songs By Album - Statistics

General Stats
  • This quiz has been taken 128 times
  • The average score is 8 of 10
Answer Stats
Question Answer % Correct
Either/Or Alameda
100%
Figure 8 Somebody That i Used to Know
94%
Elliott Smith Clementine
92%
Roman Candle Condor Ave
90%
Roman Candle No Name #1
90%
Figure 8 Better Be Quiet Now
88%
XO Pitseleh
88%
XO Baby Britain
85%
From a Basement on the Hill Let's Get Lost
83%
Either/Or Punch And Judy
33%
No matching quizzes found
Score Distribution
Percent of People with Each Score
Percentile by Number Answered
Your Score History
You have not taken this quiz